ETHNICITY RACE AND NATIONALITY IN EDUCATION (Record no. 17505)

MARC details
000 -LEADER
fixed length control field 00413nam a22001697a 4500
003 - CONTROL NUMBER IDENTIFIER
control field OSt
005 - DATE AND TIME OF LATEST TRANSACTION
control field 20211110122909.0
008 - FIXED-LENGTH DATA ELEMENTS--GENERAL INFORMATION
fixed length control field 211110b |||||||| |||| 00| 0 eng d
020 ## - INTERNATIONAL STANDARD BOOK NUMBER
International Standard Book Number 0805838376
040 ## - CATALOGING SOURCE
Transcribing agency HU
082 ## - DEWEY DECIMAL CLASSIFICATION NUMBER
Classification number 306.43/ETH
100 ## - MAIN ENTRY--PERSONAL NAME
Personal name N. KEN SHIMAHARA
9 (RLIN) 17700
245 ## - TITLE STATEMENT
Title ETHNICITY RACE AND NATIONALITY IN EDUCATION
260 ## - PUBLICATION, DISTRIBUTION, ETC.
Place of publication, distribution, etc. LONDON
Name of publisher, distributor, etc. LEA
Date of publication, distribution, etc. 2001
300 ## - PHYSICAL DESCRIPTION
Extent 290P
942 ## - ADDED ENTRY ELEMENTS (KOHA)
Source of classification or shelving scheme Dewey Decimal Classification
Koha item type Books like text book referance book
Suppress in OPAC No
Holdings
Withdrawn status Lost status Source of classification or shelving scheme Damaged status Not for loan Home library Current library Shelving location Date acquired Total Checkouts Full call number Barcode Date last seen Copy number Price effective from Koha item type
    Dewey Decimal Classification     Social Library Social Library General Stacks 11/10/2021   306.43/ETH SHLIB00002433 11/10/2021 1 11/10/2021 Books like text book referance book
    Dewey Decimal Classification     Social Library Social Library General Stacks 11/10/2021   306.43/ETH SHLIB00002434 11/10/2021 2 11/10/2021 Books like text book referance book
    Dewey Decimal Classification     Social Library Social Library General Stacks 11/10/2021   306.43/ETH SHLIB00002435 11/10/2021 3 11/10/2021 Books like text book referance book
    Dewey Decimal Classification     Social Library Social Library General Stacks 11/10/2021   306.43/ETH SHLIB00002436 11/10/2021 4 11/10/2021 Books like text book referance book
    Dewey Decimal Classification     Social Library Social Library General Stacks 11/10/2021   306.43/ETH SHLIB00002437 11/10/2021 5 11/10/2021 Books like text book referance book